Culture Générale - Série 729 - Statistiques

Statistiques générales
  • Ce quiz a été pris 167 fois
  • Le résultat moyen est 5 sur 10
Statistiques - réponses
Question Réponse % Correct
Dans quel pays les maisons de campagne sont-elles appelées : "datchas" ? Russie
93%
Complétez le titre du roman de Raymond Radiguet "Le diable au ... corps
82%
Complétez le titre du film réalisé en 1959 par Terence Fisher, "Le chien des ... Baskerville
77%
L'un des plus célèbres chefs indiens sioux était appelé "Sitting... Bull
76%
Quand on dit quelque chose de façon abrupte, on le dit à "brûle-... pourpoint
73%
En 1989, quel chanteur canadien interprète le tube "Hélène" ? Roch Voisine
62%
Le plus célèbre des ténors napolitains, décédé en 1921, s'appelait Enrico... Caruso
16%
Quel physicien autrichien donne son nom au "nombre" qui établit le rapport entre la vitesse d'un mobile et celle du son se propageant dans un même milieu ? Ernst Mach
9%
De quel pays est originaire l'orchestre de percussions appelé “gamelan”? Indonésie
8%
En 1958, à quel chanteur de rock'n'roll américain doit-on “Summertime Blues” ? Eddie Cochran
7%
Aucun quiz correspondant
Distribution des résultats
% des personnes avec chaque résultat
Percentile par nombre de réponses
Votre historique - résultats
Vous n’avez pas pris ce quiz